000 00225 a2200097 4500
001 46386
100 _aShields,
245 _aMeteorology and Air Navigation
260 _aNew York
_bMcGraw-Hill Book
_c
090 _c29506
_d29506
942 _aNUST-CAE
_cM
_c21676
999 _c281459
_d281459